平成の大合併以降に、消滅・改称した市は現在どこの市? - Statistics

General Stats
  • This quiz has been taken 150 times
  • The average score is 12 of 15
Answer Stats
消滅・改称した市町村名 現在の市町村名 % Correct
大曲市 大仙市
100%
今市市 日光市
100%
大宮市 さいたま市
100%
浦和市 さいたま市
100%
与野市 さいたま市
100%
岩槻市 さいたま市
100%
秋川市 あきる野市
100%
田無市 西東京市
100%
浜北市 浜松市
100%
天竜市 浜松市
100%
徳山市 周南市
100%
小野田市 山陽小野田市
100%
川内市 薩摩川内市
100%
中村市 四万十市
97%
保谷市 西東京市
95%
篠山市 丹波篠山市
95%
黒磯市 那須塩原市
94%
伊予三島市 四国中央市
94%
上野市 伊賀市
93%
福江市 五島市
93%
松任市 白山市
92%
水沢市 奥州市
91%
清水市 静岡市
91%
新津市 新潟市
90%
両津市 佐渡市
90%
江刺市 奥州市
89%
龍野市 たつの市
89%
佐原市 香取市
88%
新井市 妙高市
88%
因島市 尾道市
87%
古川市 大崎市
86%
国分市 霧島市
86%
下館市 筑西市
83%
新南陽市 周南市
83%
広島市 北広島市
82%
那珂湊市 ひたちなか市
82%
勝田市 ひたちなか市
82%
川之江市 四国中央市
82%
本荘市 由利本荘市
81%
八日市場市 匝瑳市
81%
鳩ヶ谷市 川口市
80%
前原市 糸島市
79%
本渡市 天草市
79%
更埴市 千曲市
78%
大口市 伊佐市
78%
田辺市 京田辺市
77%
平田市 出雲市
77%
上福岡市 ふじみ野市
75%
原町市 南相馬市
74%
石川市 うるま市
74%
具志川市 うるま市
74%
武生市 越前市
73%
久居市 津市
72%
名瀬市 奄美市
71%
尾西市 一宮市
70%
塩山市 甲州市
69%
白根市 新潟市
67%
新湊市 射水市
67%
八日市市 東近江市
67%
東予市 西条市
67%
北条市 松山市
67%
山田市 嘉麻市
67%
甘木市 朝倉市
67%
豊栄市 新潟市
65%
牛深市 天草市
64%
水海道市 常総市
62%
平良市 宮古島市
59%
加世田市 南さつま市
57%
栃尾市 長岡市
50%
岩井市 坂東市
44%
No matching quizzes found
Score Distribution
Percent of People with Each Score
Percentile by Number Answered
Your Score History
You have not taken this quiz